Automatizovaný systém zberu a spracovania údajov

Saved in:
Bibliographic Details
Main Author: Lukča, Lukáš (Author)
Other Authors: Čirka, Ľuboš (Thesis advisor)
Format: Manuscript Book
Language:Slovak
Published: 2024
Subjects:
Online Access:http://is.stuba.sk/zp/portal_zp.pl?podrobnosti=176629
Tags: Add Tag
No Tags, Be the first to tag this record!

MARC

LEADER 00000ntm a22000003a 4500
001 stuzp99350
003 SK-STU
005 20240601210647.3
007 ta
008 150427s2015----xo-----f-mn---000-0-slo-d
040 |a STU  |b slo 
041 0 |a slo 
100 1 |a Lukča, Lukáš  |u 047220  |4 aut  |U FCHPT Ústav informatizácie, automatizácie a matematiky  |T FCHPT Oddelenie informatizácie a riadenia procesov  |X 97354  |U C7220  |Y 121  |7 97354 
242 0 1 |a Automated System for Collecting and Data Processing  |y eng 
245 1 0 |a Automatizovaný systém zberu a spracovania údajov 
260 |c 2024 
650 4 |a Laravel  |2 slo 
650 4 |a YajraDataTables  |2 slo 
650 4 |a REST API  |2 slo 
650 4 |a SQL  |2 slo 
650 4 |a NoSQL  |2 slo 
650 4 |a YajraDataTables  |2 eng 
650 4 |a Laravel  |2 eng 
650 4 |a REST API  |2 eng 
650 4 |a SQL  |2 eng 
650 4 |a NoSQL  |2 eng 
700 1 |a Čirka, Ľuboš  |u 047220  |k Z1  |4 ths  |U FCHPT Ústav informatizácie, automatizácie a matematiky  |T FCHPT Oddelenie informatizácie a riadenia procesov  |X 101  |U C7220  |Y 121  |7 A000000101 
856 4 |u http://is.stuba.sk/zp/portal_zp.pl?podrobnosti=176629